000
00229 a2200097 4500
020
_a
9781439854549
100
_a
Masud, Mehedy.
245
_a
Data mining tools for malware detection
260
_b
CRC Press
_c
c2012.
942
_2
ddc
_c
2WEEK
999
_c
414
_d
414